<?xml version="1.0" encoding="UTF-8"?>
<record
    xmlns:xsi="http://www.w3.org/2001/XMLSchema-instance"
    xsi:schemaLocation="http://www.loc.gov/MARC21/slim http://www.loc.gov/standards/marcxml/schema/MARC21slim.xsd"
    xmlns="http://www.loc.gov/MARC21/slim">

  <leader>03053njm a2200481Ia 4500</leader>
  <controlfield tag="001">21074</controlfield>
  <controlfield tag="003">IT-RoPAU</controlfield>
  <controlfield tag="005">20220918181158.0</controlfield>
  <controlfield tag="008">131025s9999    xx            000 0 und d</controlfield>
  <datafield tag="040" ind1=" " ind2=" ">
    <subfield code="a">IT-RoPAU</subfield>
  </datafield>
  <datafield tag="040" ind1=" " ind2=" ">
    <subfield code="c">IT-RoPAU</subfield>
  </datafield>
  <datafield tag="999" ind1=" " ind2=" ">
    <subfield code="c">102802</subfield>
    <subfield code="d">102802</subfield>
  </datafield>
  <datafield tag="999" ind1=" " ind2=" ">
    <subfield code="b">n.d.</subfield>
  </datafield>
  <datafield tag="100" ind1=" " ind2=" ">
    <subfield code="a">AA.VV.</subfield>
    <subfield code="9">794</subfield>
  </datafield>
  <datafield tag="100" ind1=" " ind2=" ">
    <subfield code="e">Autore musica</subfield>
    <subfield code="9">4756</subfield>
  </datafield>
  <datafield tag="100" ind1=" " ind2=" ">
    <subfield code="g">Codice autore musica SPICS: 12000</subfield>
    <subfield code="9">796</subfield>
  </datafield>
  <datafield tag="245" ind1=" " ind2=" ">
    <subfield code="a">Pi&#xF9; bella musica dallo schermo (La)-Disco N.2</subfield>
  </datafield>
  <datafield tag="250" ind1=" " ind2=" ">
    <subfield code="a">1a ed.</subfield>
  </datafield>
  <datafield tag="260" ind1=" " ind2=" ">
    <subfield code="a">ROMA</subfield>
  </datafield>
  <datafield tag="260" ind1=" " ind2=" ">
    <subfield code="b">RCA (RADIO CORP. AMERICA)</subfield>
    <subfield code="c">1973 [1a Ed.:1961 - Ed. Lingua Orig.: 1961]</subfield>
  </datafield>
  <datafield tag="300" ind1=" " ind2=" ">
    <subfield code="a">DISCO</subfield>
  </datafield>
  <datafield tag="500" ind1=" " ind2=" ">
    <subfield code="a">Colonna sonora. Musica da film. Film d'amore. Motivi conduttori delle pi&#xF9; note trame sentimentali vissute sullo schermo.</subfield>
  </datafield>
  <datafield tag="505" ind1=" " ind2=" ">
    <subfield code="a">West Side Story (dal film omonimo di Robert Wise e Jerome Robbins) - Love Story (dal film omonimo di Arthur Hiller) - Anonimo veneziano (dal film omonimo di Enrico Maria Salerno) - Donne in amore (Tema d'amore dal Film Donne in Amore di Ken Russell) - Un uomo, una donna (dal film omonimo di Claude Lelouch) - Vivere per vivere (dal film omonimo di Claude Lelouch) - Due per la strada (dal film omonimo di Stanley Donen) - I giorni del vino e delle rose (dal film omonimo di Blake Edwards) - Metello (dal film omonimo di Mauro Bolognini) - L'amante (dal film omonimo di Claude Sautet) - Les parapluies de Cherbourg (I Will Wait For You - dal film Les parapluies de Cherbourg di Jacques Demy)</subfield>
  </datafield>
  <datafield tag="511" ind1=" " ind2=" ">
    <subfield code="a">Peter Nero, pianista Marty Gold e la sua orchestra</subfield>
  </datafield>
  <datafield tag="511" ind1=" " ind2=" ">
    <subfield code="a">Ronnie Aldrich, pianista Wally Stott e la sua orchestra</subfield>
  </datafield>
  <datafield tag="511" ind1=" " ind2=" ">
    <subfield code="a">Johnny Gibbs e la sua orchestra e coro</subfield>
  </datafield>
  <datafield tag="511" ind1=" " ind2=" ">
    <subfield code="a">Norman Percival e la sua orchestra</subfield>
  </datafield>
  <datafield tag="511" ind1=" " ind2=" ">
    <subfield code="a">Luciano Michelini e la sua orchestra</subfield>
  </datafield>
  <datafield tag="511" ind1=" " ind2=" ">
    <subfield code="a">Henry Mancini, la sua orchestra e coro</subfield>
  </datafield>
  <datafield tag="511" ind1=" " ind2=" ">
    <subfield code="a">Wally Stott e la sua orchestra</subfield>
  </datafield>
  <datafield tag="511" ind1=" " ind2=" ">
    <subfield code="a">Bruno Nicolai e la sua orchestra</subfield>
  </datafield>
  <datafield tag="511" ind1=" " ind2=" ">
    <subfield code="a">David Whitaker e la sua orchestra</subfield>
  </datafield>
  <datafield tag="650" ind1=" " ind2=" ">
    <subfield code="a">COLONNA SONORA [DISCHI]</subfield>
    <subfield code="e">Codice MATERIA SPICS: 9950</subfield>
    <subfield code="9">4757</subfield>
  </datafield>
  <datafield tag="700" ind1=" " ind2=" ">
    <subfield code="a">Cipriani Stelvio</subfield>
    <subfield code="d">Codice autore musica SPICS: 10828</subfield>
    <subfield code="e">Autore musica</subfield>
    <subfield code="p">Anonimo veneziano</subfield>
    <subfield code="9">4758</subfield>
  </datafield>
  <datafield tag="700" ind1=" " ind2=" ">
    <subfield code="a">Delerue Georges</subfield>
    <subfield code="d">Codice autore musica SPICS: 10858</subfield>
    <subfield code="e">Autore musica</subfield>
    <subfield code="p">Donne in amore</subfield>
    <subfield code="9">4759</subfield>
  </datafield>
  <datafield tag="700" ind1=" " ind2=" ">
    <subfield code="a">Lai Francis</subfield>
    <subfield code="d">Codice autore musica SPICS: 10971</subfield>
    <subfield code="e">Autore musica</subfield>
    <subfield code="p">Love Story - Un uomo, una donna - Vivere per vivere</subfield>
    <subfield code="9">4760</subfield>
  </datafield>
  <datafield tag="700" ind1=" " ind2=" ">
    <subfield code="a">Bernstein Leonard</subfield>
    <subfield code="d">Codice autore musica SPICS: 10723</subfield>
    <subfield code="e">Autore musica</subfield>
    <subfield code="p">West Side Story</subfield>
    <subfield code="9">4761</subfield>
  </datafield>
  <datafield tag="700" ind1=" " ind2=" ">
    <subfield code="a">Mancini Henry</subfield>
    <subfield code="d">Codice autore musica SPICS: 11002</subfield>
    <subfield code="e">Autore musica</subfield>
    <subfield code="p">Due per la strada - I giorni del vino e delle rose</subfield>
    <subfield code="9">4762</subfield>
  </datafield>
  <datafield tag="700" ind1=" " ind2=" ">
    <subfield code="a">Morricone Ennio</subfield>
    <subfield code="d">Codice autore musica SPICS: 3535</subfield>
    <subfield code="e">Autore musica</subfield>
    <subfield code="p">Metello</subfield>
    <subfield code="9">4763</subfield>
  </datafield>
  <datafield tag="700" ind1=" " ind2=" ">
    <subfield code="a">Rota Nino</subfield>
    <subfield code="d">Codice autore musica SPICS: 11128</subfield>
    <subfield code="e">Autore musica</subfield>
    <subfield code="p">Romeo e Giulietta</subfield>
    <subfield code="9">4764</subfield>
  </datafield>
  <datafield tag="700" ind1=" " ind2=" ">
    <subfield code="a">Sarde Philippe</subfield>
    <subfield code="d">Codice autore musica SPICS: 11145</subfield>
    <subfield code="e">Autore musica</subfield>
    <subfield code="p">L'amante</subfield>
    <subfield code="9">4765</subfield>
  </datafield>
  <datafield tag="700" ind1=" " ind2=" ">
    <subfield code="a">Legrand Michel</subfield>
    <subfield code="d">Codice autore musica SPICS: 10930</subfield>
    <subfield code="e">Autore musica</subfield>
    <subfield code="p">Les parapluies de Cherbourg (I Will Wait For You)</subfield>
    <subfield code="9">4766</subfield>
  </datafield>
  <datafield tag="942" ind1=" " ind2=" ">
    <subfield code="c">MD</subfield>
    <subfield code="2">ddc</subfield>
  </datafield>
  <datafield tag="952" ind1=" " ind2=" ">
    <subfield code="0">0</subfield>
    <subfield code="1">0</subfield>
    <subfield code="4">0</subfield>
    <subfield code="6">21074_000000000000000</subfield>
    <subfield code="7">1</subfield>
    <subfield code="a">SPICS</subfield>
    <subfield code="b">SPICS</subfield>
    <subfield code="d">2013-10-25</subfield>
    <subfield code="l">0</subfield>
    <subfield code="o">21074</subfield>
    <subfield code="r">2013-10-25 00:00:00</subfield>
    <subfield code="w">2013-10-25</subfield>
    <subfield code="y">MD</subfield>
    <subfield code="z">Progr. Ins.: 3658 / N.Vol.: n.d. / Copie: 1 - Copia rara: n.d. / date import: 01.01.2014 - By Epidotti, Trombetti, Vaglietti</subfield>
  </datafield>
</record>
